Online Catalogue and eLibrary

Negotiating Reproductive Rights (Record no. 5886)

MARC details
000 -LEADER
fixed length control field 00549nam a22002057a 4500
005 - DATE AND TIME OF LATEST TRANSACTION
control field 20240610064824.0
008 - FIXED-LENGTH DATA ELEMENTS--GENERAL INFORMATION
fixed length control field 240610b |||||||| |||| 00| 0 eng d
020 ## - INTERNATIONAL STANDARD BOOK NUMBER
ISBN 1856495361
082 ## - DDC Classification
DDC Edition Number 22
Class No. 363
Item Number - Author Mark NEG
245 ## - TITLE STATEMENT
Title Negotiating Reproductive Rights
Remainder of title women's perspectives Across countries and cultures
250 ## - EDITION STATEMENT
Edition statement 1 st
260 ## - PUBLICATION, DISTRIBUTION, ETC.
Place of publication, distribution, etc. UK
Name of publisher, distributor, etc. Zed Books Ltd
Date of publication, distribution, etc. 1998
300 ## - PHYSICAL DESCRIPTION
Extent (e.g. Volumes, Pages etc.) viii, 358 p .,
650 ## - SUBJECT ADDED ENTRY--TOPICAL TERM
Topical term or geographic name entry element Economic
650 ## - SUBJECT ADDED ENTRY--TOPICAL TERM
Topical term or geographic name entry element Woman
650 ## - SUBJECT ADDED ENTRY--TOPICAL TERM
Topical term or geographic name entry element Culture
700 ## - ADDED ENTRY--PERSONAL NAME
Personal name Petchesky, p Rosalind
Relator term (Role) Editor
700 ## - ADDED ENTRY--PERSONAL NAME
Personal name Judd, Karen
Relator term (Role) Editor
942 ## - Koha item type (Biblio)
Koha item type Books in Stacks (Lending)
Holdings
Lost status Damaged status Collection code Home library Current library Date acquired Full call number Accession Number Item type
    Lending WERC Library WERC Library 06/10/2024 363 NEG 6888 Books in Stacks (Lending)

© WERC Library